Kinder, medien, werbung (Record no. 86676)

MARC details
000 -LEADER
campo de control de longitud fija 00675nam a2200217 i 4500
001 - NÚMERO DE CONTROL
campo de control 86676
003 - IDENTIFICADOR DE NÚMERO DE CONTROL
campo de control ES-MaACL
007 - CAMPO FIJO DE DESCRIPCIÓN FÍSICA--INFORMACIÓN GENERAL
campo de control de longitud fija t|
008 - DATOS DE LONGITUD FIJA--INFORMACIÓN GENERAL
campo de control de longitud fija 041215s1981 gw ||||1| ger d
020 ## - NÚMERO INTERNACIONAL ESTÁNDAR DEL LIBRO
Número Internacional Estándar del Libro 3-7875-2901-2
245 00 - MENCIÓN DEL TÍTULO
Título Kinder, medien, werbung
Resto del título : ein literatur und forschungsbericht /
Mención de responsabilidad, etc. [von Henning Haase...(et al.)].
260 ## - PUBLICACIÓN, DISTRIBUCIÓN, ETC.
Lugar de publicación, distribución, etc. Frankfurt am Main ;
-- Berlin :
Nombre del editor, distribuidor, etc. Alfred Metzner,
Fecha de publicación, distribución, etc. [1981]
300 ## - DESCRIPCIÓN FÍSICA
Extensión 607 p. ;
Dimensiones 21 cm.
490 1# - MENCIÓN DE SERIE
Mención de serie Media perspektiven ;
Designación de volumen o secuencia 1
500 ## - NOTA GENERAL
Nota general Indices.
504 ## - NOTA DE BIBLIOGRAFÍA, ETC.
Nota de bibliografía, etc. Bibliografía.
700 1# - ENTRADA AGREGADA--NOMBRE PERSONAL
Nombre de persona Haase, Henning.
9 (RLIN) 61365
830 0# - PUNTO DE ACCESO ADICIONAL DE SERIE-TÍTULO UNIFORME
Título uniforme Media perspektiven ;
Designación de volumen o secuencia 1
9 (RLIN) 231764
852 ## - LOCALIZACIÓN
Ubicación ES-MaACL
Número de control de estantería G-7081
Sublocalización o colección R.114139
Holdings
Estatus retirado Estado de pérdida Estado de daño No para préstamo Biblioteca de origen Biblioteca actual Ubicación en estantería Fecha de adquisición Fuente de adquisición Total de préstamos Signatura topográfica completa Código de barras Visto por última vez Precio de reemplazo Tipo de ítem Koha
        Biblioteca del Ateneo de Madrid Biblioteca del Ateneo de Madrid Depósito 2 17/01/2008     G-7081 1090565 23/02/2023 23/02/2023 Libro impreso